The largest animals - Statistics

General Stats
  • This quiz has been taken 47 times
  • The average score is 5 of 7
Answer Stats
Hint Answer % Correct
The largest mammal on Earth Blue Whale
93%
The largest land animal Elephant
91%
The largest Bird Ostrich
84%
The largest wild Dog Wolf
78%
The largest Fish Whale Shark
69%
The largest Dolphin Orca
67%
The largest wild Cat Siberian Tiger
53%
No matching quizzes found
Score Distribution
Percent of People with Each Score
Percentile by Number Answered
Your Score History
You have not taken this quiz